Quản lý nhóm = Managing teams

Nội dung sách giúp cho bạn đọc có điểm tựa và niềm tin để thành lập và quản lý các nhóm làm việc, đánh giá thành công của nhóm, và khuyến khích nhân viên của bạn làm việc với tinh thần hợp tác và tính kỹ luật cao. Các chiến lược để lưo...

Volledige beschrijving

Bewaard in:
Bibliografische gegevens
Hoofdauteur: Holpp, Lawrence
Formaat: Boek
Taal:Undetermined
Gepubliceerd in: Hà Nội Lao động xã hội 2007
Onderwerpen:
Tags: Voeg label toe
Geen labels, Wees de eerste die dit record labelt!
Thư viện lưu trữ: Trung tâm Học liệu Trường Đại học Cần Thơ
LEADER 01107nam a2200217Ia 4500
001 CTU_132429
008 210402s9999 xx 000 0 und d
020 |c 54000 
082 |a 658.4036 
082 |b H748 
100 |a Holpp, Lawrence 
245 0 |a Quản lý nhóm = 
245 0 |b Managing teams 
245 0 |c Lawrence Holp; BKD47 dịch 
260 |a Hà Nội 
260 |b Lao động xã hội 
260 |c 2007 
520 |a Nội dung sách giúp cho bạn đọc có điểm tựa và niềm tin để thành lập và quản lý các nhóm làm việc, đánh giá thành công của nhóm, và khuyến khích nhân viên của bạn làm việc với tinh thần hợp tác và tính kỹ luật cao. Các chiến lược để lường trước và tránh được những chướng ngại trong quá trình phát triển môi trường làm việc nhóm. 
650 |a Group management,Quản lý nhóm 
904 |i Tuyến 
980 |a Trung tâm Học liệu Trường Đại học Cần Thơ